Presidents of South Korea - Statistics

General Stats
  • This quiz has been taken 6 times
  • The average score is 18 of 24
Answer Stats
Years Served Party Korean Name President % Correct
(Acting) 2024 Independent 한덕수 Han Duck-soo
100%
(Acting) 2025 Independent 이주호 Han Duck-soo
100%
2025 - Present Democrat 이재명 Lee Jae Myung
100%
2008 - 2013 Grand National, Saenuri 이명박 Lee Myung-bak
100%
2017 - 2022 Democrat 문재인 Moon Jae-in
100%
(Acting) 1980 Democratic Republican 박충훈 Park Choong-hoon
100%
1962 - 1979 Military,Democratic Republican 박정희 Park Chung Hee
100%
2013 - 2017 Saenuri, Liberty Korea 박근혜 Park Geun-hye
100%
2022 - 2025 People Power 윤석열 Yoon Suk Yeol
100%
1980 - 1988 Military, Democratic Justice 전두환 Chun Doo-hwan
83%
1998 - 2003 National Congress,Millenium Democratic, Independent 김대중 Kim Dae-jung
83%
1993 - 1998 Democratic Liberal, New Korea, Independent 김영삼 Kim Young-sam
83%
2003 - 2008 Millenium Democratic, Uri, Independent 노무현 Roh Moo-hyun
83%
1988 - 1993 Democratic Justice, Democratic Liberal,Independent 노태우 Roh Tae-woo
83%
1979 - 1980 Independent 최규하 Choi Kyu-hah
67%
(Acting) 2024 - 2025 Independent 최상목 Choi Sang-mok
67%
(Acting) 2016 - 2017 Independent 황교안 Hwang Kyo-ahn
67%
1960 - 1962 Democratic 윤보선 Yun Po-sun
50%
(Acting) 1960 Independent 백낙준 Baek Nak-jun
33%
(Acting) 2004 Millenium Democratic 고건 Goh Kun
33%
(Acting) 1960 Independent 허정 Ho Chong
33%
(Acting) 1960 Independent 허정 Ho Chong
33%
(Acting) 1960 Democratic 곽상훈 Kwak Sang-hoon
33%
1948 - 1960 National Association/Liberal 이승만 Rhee Syng-man
33%
No matching quizzes found
Score Distribution
Percent of People with Each Score
Percentile by Number Answered
Your Score History
You have not taken this quiz